000 00621nam a2200229Ia 4500
003 OSt
005 20221007064453.0
006 a|||||r|||| 00| 0
007 ta
008 221006b |||||||| |||| 00| 0 eng d
024 _a6,556
037 _cTextual
040 _aFLL
_cFLL
_beng
041 _2eng
_aeng
082 _aZ2,2,3, L5;1
100 _aVats S.S. Au.
_9685833
245 0 _aControl of evictions and rent
260 _aDelhi
_bDhanwantra Medical and Law Book House India
_c1975
300 _axii,256p
_ccm.
942 _hZ2,2,3, L5;1
_cTEXL
_2CC
999 _c1134179
_d1134179